Emotion Recognition Based on the Monitoring of Physiological Signals
Salvato in:
| Autore principale: | |
|---|---|
| Altri autori: | |
| Natura: | Manoscritto Libro |
| Lingua: | slovacco inglese |
| Pubblicazione: |
2024
|
| Soggetti: | |
| Accesso online: | http://is.stuba.sk/zp/portal_zp.pl?podrobnosti=177201 |
| Tags: |
Nessun Tag, puoi essere il primo ad aggiungerne!!
|
MARC
| LEADER | 00000ntm a22000003a 4500 | ||
|---|---|---|---|
| 001 | stuzp100118 | ||
| 003 | SK-STU | ||
| 005 | 20240608213355.5 | ||
| 007 | ta | ||
| 008 | 150427s2015----xo-----f-mn---000-0-slo-d | ||
| 040 | |a STU |b slo | ||
| 041 | 0 | |a eng | |
| 100 | 1 | |a Harmaňoš, Patrik |u 070200 |4 aut |U FIIT Fakulta informatiky a informačných technológií |T FIIT Ústav informatiky, informačných systémov a softvérového inžinierstva |X 102936 |U I200 |Y 179 |7 102936 | |
| 242 | 0 | 1 | |a Detekcia emócií na základe monitorovania fyziologických signálov |y slo |
| 245 | 1 | 0 | |a Emotion Recognition Based on the Monitoring of Physiological Signals |
| 260 | |c 2024 | ||
| 650 | 4 | |a klasifikácia emócií |2 slo | |
| 650 | 4 | |a strojové učenie |2 slo | |
| 650 | 4 | |a telemedicína |2 slo | |
| 650 | 4 | |a emotion classification |2 eng | |
| 650 | 4 | |a machine learning |2 eng | |
| 650 | 4 | |a telemedicine |2 eng | |
| 700 | 1 | |a Černáková, Ivana |u 070200 |k Z8 |4 ths |U FIIT Fakulta informatiky a informačných technológií |T FIIT Ústav informatiky, informačných systémov a softvérového inžinierstva |X 112694 |U I200 |Y 179 |7 112694 | |
| 856 | 4 | |u http://is.stuba.sk/zp/portal_zp.pl?podrobnosti=177201 | |